IS-95 CDMA And Cdma 2000 (Record no. 314487)

MARC details
000 -LEADER
fixed length control field 00452nam a2200169Ia 4500
008 - FIXED-LENGTH DATA ELEMENTS--GENERAL INFORMATION
fixed length control field 230718s9999 xx 000 0 und d
020 ## - INTERNATIONAL STANDARD BOOK NUMBER
International Standard Book Number 9788177584172
041 ## - LANGUAGE CODE
Language code of text/sound track or separate title eng
082 ## - DEWEY DECIMAL CLASSIFICATION NUMBER
Classification number 621.382
Item number GAR
100 ## - MAIN ENTRY--PERSONAL NAME
Personal name Garg V.K.
9 (RLIN) 109335
245 ## - TITLE STATEMENT
Title IS-95 CDMA And Cdma 2000
Remainder of title Cellular/PCS Systems Implementation
260 ## - PUBLICATION, DISTRIBUTION, ETC. (IMPRINT)
Date of publication, distribution, etc. 2006
Name of publisher, distributor, etc. Pearson
300 ## - PHYSICAL DESCRIPTION
Extent 423
365 ## - TRADE PRICE
Currency code Rs.
Price amount 310.00
700 ## - ADDED ENTRY--PERSONAL NAME
Personal name Garg V.K.
9 (RLIN) 109335
906 ## - LOCAL DATA ELEMENT F, LDF (RLIN)
d 1249/23.8.06
c ETC
b 62
Holdings
Withdrawn status Lost status Damaged status Not for loan Home library Current library Date acquired Vendor Budget Code Cost, normal purchase price Bill number Total Checkouts Full call number Barcode Date last seen Discount Cost, replacement price Bill Date Koha item type Original Barcode
        Cummins College of Engineering for Women Pune Cummins College of Engineering for Women Pune 14/08/2006 Pradeep Book Distributors ETC 248.00 1249/23.8.06   621.382 CCEP-BK-25694 18/07/2023 62 310.00 23/08/2006 Books 025694